000 00823nam a2200253Ia 4500
003 OSt
005 20220923213339.0
006 a|||||r|||| 00| 0
007 ta
008 220922b |||||||| |||| 00| 0 hin d
024 _a160,977
037 _cTextual
040 _aARTS
_cARTS
_bhin
041 _2hin
_ahin
082 _aO152,2M50:g, J6
100 _aवार्ष्णेय, लक्ष्मीसागर
245 0 _aभारतेन्दु हश्चिन्द्र
246 _aBhāratendu hashchindra
260 _c1956
490 _aअध्ययन माला; 1
650 _aहिन्दी साहित्य
_9156264
942 _hO152,2M50:g, J6
_cTEXL
_2CC
999 _c315655
_d315655